Cartas luteranas / (Record no. 15617)

MARC details
000 -LEADER
campo de control de longitud fija 00986nam a2200289 i 4500
001 - NÚMERO DE CONTROL
campo de control 15617
003 - IDENTIFICADOR DE NÚMERO DE CONTROL
campo de control ES-MaACL
005 - FECHA Y HORA DE LA ÚLTIMA TRANSACCIÓN
campo de control 20250902063050.0
007 - CAMPO FIJO DE DESCRIPCIÓN FÍSICA--INFORMACIÓN GENERAL
campo de control de longitud fija t|
008 - DATOS DE LONGITUD FIJA--INFORMACIÓN GENERAL
campo de control de longitud fija 000406s1997 sp ||||1| spa d
020 ## - NÚMERO INTERNACIONAL ESTÁNDAR DEL LIBRO
Número Internacional Estándar del Libro 84-8164-168-5
080 ## - NÚMERO DE LA CLASIFICACIÓN DECIMAL UNIVERSAL
Número de la Clasificación Decimal Universal 308(450)
080 ## - NÚMERO DE LA CLASIFICACIÓN DECIMAL UNIVERSAL
Número de la Clasificación Decimal Universal 32(450)
100 1# - ENTRADA PRINCIPAL--NOMBRE DE PERSONA
Nombre de persona Pasolini, Pier Paolo,
Fechas asociadas al nombre 1922-1975
9 (RLIN) 89424
245 10 - MENCIÓN DEL TÍTULO
Título Cartas luteranas /
Mención de responsabilidad, etc. Pier Paolo Pasolini ; traducción de Josep Torrell, Antonio Giménez Merino y Juan Ramón Capella.
260 ## - PUBLICACIÓN, DISTRIBUCIÓN, ETC.
Lugar de publicación, distribución, etc. Madrid :
Nombre del editor, distribuidor, etc. Trotta,
Fecha de publicación, distribución, etc. [1997]
300 ## - DESCRIPCIÓN FÍSICA
Extensión 158 p. ;
Dimensiones 23 cm.
490 1# - MENCIÓN DE SERIE
Mención de serie La Dicha de enmudecer. Serie narrativa
651 #4 - PUNTO DE ACCESO ADICIONAL DE MATERIA--NOMBRE GEOGRÁFICO
Nombre geográfico Italia-
Subdivisión general Situación social.
9 (RLIN) 8877
651 #4 - PUNTO DE ACCESO ADICIONAL DE MATERIA--NOMBRE GEOGRÁFICO
Nombre geográfico Italia-
Subdivisión general Política y gobierno-
Subdivisión cronológica 1945-1976.
9 (RLIN) 151540
700 1# - ENTRADA AGREGADA--NOMBRE PERSONAL
Nombre de persona Torrell, Josep.
9 (RLIN) 110814
700 1# - ENTRADA AGREGADA--NOMBRE PERSONAL
Nombre de persona Giménez Merino, Antonio.
9 (RLIN) 57057
700 1# - ENTRADA AGREGADA--NOMBRE PERSONAL
Nombre de persona Capella, Juan-Ramón.
9 (RLIN) 34819
830 0# - PUNTO DE ACCESO ADICIONAL DE SERIE-TÍTULO UNIFORME
Título uniforme La Dicha de enmudecer. Serie narrativa
9 (RLIN) 228593
852 ## - LOCALIZACIÓN
Ubicación ES-MaACL
Número de control de estantería L-22687
Holdings
Estatus retirado Estado de pérdida Estado de daño No para préstamo Biblioteca de origen Biblioteca actual Ubicación en estantería Fecha de adquisición Fuente de adquisición Total de préstamos Signatura topográfica completa Código de barras Visto por última vez Precio de reemplazo Tipo de ítem Koha
        Biblioteca del Ateneo de Madrid Biblioteca del Ateneo de Madrid Depósito 2 17/01/2008     L-22687 1015876 23/02/2023 23/02/2023 Libro impreso